01472nam a2200373Ia 4500001001200000003000800012006001900020007001500039008004100054010001700095020003100112020001800143020002800161040002100189035002100210050002500231082001800256245010400274260007800378300003200456490003900488504006600527533015200593650001300745650002900758650002500787650002600812655002900838700003100867710001700898830004000915856012600955999001701081ebr10224492CaPaEBRm u cr cn|||||||||071109s2008 enkab sb 001 0 eng d z 2007046439 z9780754649434 (alk. paper) z9780754689133 z0754649431 (alk. paper) aCaPaEBRcCaPaEBR a(OCoLC)32027347514aG155.A1bL284 2008eb04a306.4/81922200aLandscape, tourism, and meaningh[electronic resource] /cedited by Daniel C. Knudsen ... [et al.]. aAldershot, Hants, England ;aBurlington, VT, USA :bAshgate Pub.,cc2008. axiii, 157 p. :bill., maps.1 aNew directions in tourism analysis aIncludes bibliographical references (p. [135]-150) and index. aElectronic reproduction.bPalo Alto, Calif. :cebrary,d2009.nAvailable via World Wide Web.nAccess may be limited to ebrary affiliated libraries. 0aTourism. 0aTourismxSocial aspects. 0aCulture and tourism. 0aLandscape assessment. 7aElectronic books.2local1 aKnudsen, Daniel C.,d1955-2 aebrary, Inc. 0aNew directions in tourism analysis.40uhttp://site.ebrary.com/lib/rucke/Doc?id=10224492zAn electronic book accessible through the World Wide Web; click to view c40065d40065